000 00707nam a2200229 a 4500
999 _c3067
_d3067
001 3067
003 BD-JhCC
005 20171109193106.0
008 171109s1987 bg |||| |||| 000 0 ben d
035 _a(BD-JhCC)3067
040 _aBD-JhCC
_dBD-JhCC
041 _aben
082 _222
_a891.442
_bSHE 1987
100 _aশাইখ, আসকার ইবনে
245 _aমেঘলা রাতের তারা /
_cআসকার ইবনে শাইখ.
250 _a2nd Edi.
260 _aঢাকা :
_bইসলামিক ফাউনডেশন বাংলাদেশ,
_c1987.
300 _a287 p. :
_c21 cm.
650 _aBengali Drama
942 _2ddc
_cBK